Animals in Country Names - Statistics

General Stats
  • This quiz has been taken 112 times
  • The average score is 2 of 5
Answer Stats
Animal Country % Correct
Swan Botswana
72%
Ant Antigua and Barbuda
55%
Ape Cape Verde
47%
Rat D.R. Congo | United Arab Emirates | Federated States of Micronesia
31%
Bat Kiribati
23%
No matching quizzes found
Score Distribution
Percent of People with Each Score
Percentile by Number Answered
Your Score History
You have not taken this quiz